|
|
|
|
| LEADER |
00000nam a2200000 a 4500 |
| 001 |
vtls001249658 |
| 003 |
SK-MaSNL |
| 005 |
20260302032121.0 |
| 008 |
240226s1992 ci 000 0 slo |
| 035 |
|
|
|a SNK000200477
|
| 035 |
|
|
|a urn:nbn:sk:snk-amkunr
|
| 035 |
|
|
|a urn:nbn:sk:snk-am004hch
|
| 035 |
|
|
|a A2B25632-380A-4128-8DD0-FAB119829EEB
|
| 040 |
|
|
|a SNK
|b slo
|c SNK
|e AACR2
|
| 041 |
0 |
|
|a slo
|a scc
|
| 044 |
|
|
|a ci
|c HR
|
| 080 |
|
|
|a 061.61:323.113(497.13)=862(083.97)
|2 1981
|
| 080 |
|
|
|a 323.113
|2 1981
|
| 245 |
0 |
0 |
|a Pozývame Vás na založenie Matice slovenskej v Chorvátsku
|b pozvánka
|
| 260 |
|
|
|a S.l.
|b Matica slovenská v Chorvátsku
|c [1992]
|
| 300 |
|
|
|a 1 zlož. list ([2] s.)
|c 10 x 21 cm
|
| 500 |
|
|
|a Súbež. text v chorvátčine
|
| 610 |
2 |
7 |
|a Matica slovenská v Chorvátsku
|2 SNK
|9 63167
|
| 648 |
|
7 |
|a 1992
|2 SNK
|9 277405
|
| 655 |
|
7 |
|a pozvánky
|2 SNK
|9 71913
|
| 710 |
2 |
|
|a Matica slovenská v Chorvátsku
|4 orm
|9 63167
|
| 958 |
|
|
|a [CV]
|
| 958 |
|
|
|a ZS
|
| 999 |
|
|
|c 1055063
|d 1056993
|
| 952 |
|
|
|t P60, <03>, [BOOK], {603}
|a SNK
|b SNK
|y PREZ
|7 0
|p 17A0220084
|o snkOSC 15904
|0 0
|1 0
|4 0
|d 1999-11-25
|f 1
|l 0
|r 2005-01-01 00:00:00
|w 2026-02-24
|